Six Letter Geography - G - Statistics

General Stats
  • This quiz has been taken 47 times
  • The average score is 8 of 10
Answer Stats
Hint Answer % Correct
First president of America, known as the founding father {George} Washington
100%
Region in the Southernmost tip of Florida known as... Ever{glades}
98%
Country bordering the Aegean and Mediterranean seas Greece
96%
Majority English speaking country in South America Guyana
87%
A hot spring that ejects water every once in a while Geyser
84%
Country whose name is shared by three other countries Guinea
82%
Cultivated outdoor spaces designed for growing plants Garden
80%
Country surrounded at almost all sides by Senegal Gambia
73%
Small stones that are used for paths or found in rivers Gravel
69%
The solid surface of the crust of any planet Ground
40%
No matching quizzes found
Score Distribution
Percent of People with Each Score
Percentile by Number Answered
Your Score History
You have not taken this quiz